| 000 | 00784nam a2200241 u 4500 | ||
|---|---|---|---|
| 005 | 20240808063845.0 | ||
| 008 | 181022 2001 ny r 000 0 spa d | ||
| 020 | _a9781887734844 (13 dígitos) | ||
| 020 | _a1887734848 (10 dígitos) | ||
| 035 | _aUPN01000227410 | ||
| 049 | _aI | ||
| 050 | 4 |
_aPZ76.3 _bW5.3 |
|
| 100 | 1 |
_aWildsmith, Brian Lawrence, _d1930-2016 _943095 |
|
| 245 | 1 | 4 |
_aLos animales de la granja / _cBrian Wildsmith ; tr. María A. Fiol. |
| 260 |
_aNew York : _bOxford University Press, _c2001. |
||
| 300 |
_a[14] p. : _bprincipalmente il. col. |
||
| 440 | 0 | _aStar bright books | |
| 650 | 7 |
_aAnimales _vLiteratura infantil _2 _91061 |
|
| 650 | 4 |
_aAnimales domésticos _94300 |
|
| 650 | 4 |
_aSONIDOS DE ANIMALES _912212 |
|
| 905 | _aInfantil | ||
| 999 |
_c199505 _d199505 |
||